000 00624nam a2200229 i 4500
001 C2-0107285
003 PPAK
005 20180727102214.0
008 970618s1991 nyua|||| ||||| | eng d
020 _a0934590435
040 _aPPAK
_beng
_cPPAK
_erda
082 0 4 _a741.67
_223
090 0 0 _a741.67
_bEXC
_dR
245 0 0 _aExcellence in advertising
264 1 _aNew York :
_bRetail Reporting Corporation ,
_c1991
300 _a222 pages :
_bcolour illustrations ;
_c30 cm
336 _2rdacontent
_atext
337 _2rdamedia
_aunmediated
338 _2rdacarrier
_avolume
650 1 0 _aAdvertising
942 _ddc
_cB
999 _c26333
_d26333